| 000 | 00863nam0a2200289 4500 | ||
|---|---|---|---|
| 001 | RU\NLR\BIBL_A\022055615 | ||
| 005 | 20250625103246.0 | ||
| 035 | _a(NLR Aleph) 022055615 | ||
| 090 |
_a12611000 _c12611000 |
||
| 100 | _a20231019d1923 |||y0rusy50 ca | ||
| 101 | 0 | _aava | |
| 102 | _aRU | ||
| 105 | _ay z 000yy | ||
| 181 | 0 |
_ai _baxxe |
|
| 182 | 0 | _an | |
| 200 | 1 | _aБакъулунти | |
| 203 |
_aТекст _bвизуальный _cнепосредственный |
||
| 210 |
_aМахачкала _cЛит. ДагСНХ _d27 сентября 1923 |
||
| 215 |
_a[1] , 13 с. _d18 |
||
| 300 | _aАраб. графика | ||
| 541 | 1 |
_aО малярии _zrus |
|
| 606 | 1 |
_aМалярия _91104501 _3RU\NLR\AUTH\66115697 |
|
| 686 | 1 | _aР514.18 | |
| 852 |
_aNLR _bОНЛ _jАвар./2-598 |
||
| 942 | _cBOOK | ||
| 980 | _aNB | ||